Technológia, ktorá sa vám dostane pod kožu
Kancelárske stredisko Epicenter v Štokholme umožnilo svojim zamestnancom používať podkožné čipy - RFID implantáty. Používanie podkožných čipov namiesto prtístupových kódov a kartičiek. Podobné zámery aj v USA. Implantácia čipov, ktoré sa nedajú sledovať cez GPS. Chýbajúca dôvera k tejto technológii....
Uložené v:
| Hlavný autor: | |
|---|---|
| Médium: | Kapitola |
| Jazyk: | Slovak |
| Predmet: | |
| Tagy: |
Žiadne tagy, Buďte prvý, kto otaguje tento záznam!
|
MARC
| LEADER | 00000naa a2200000 4500 | ||
|---|---|---|---|
| 001 | 0198819 | ||
| 005 | 20231113102624.6 | ||
| 041 | 0 | |a slo | |
| 044 | |a SK | ||
| 245 | 1 | 0 | |a Technológia, ktorá sa vám dostane pod kožu |c Marián Biel |
| 520 | |a Kancelárske stredisko Epicenter v Štokholme umožnilo svojim zamestnancom používať podkožné čipy - RFID implantáty. Používanie podkožných čipov namiesto prtístupových kódov a kartičiek. Podobné zámery aj v USA. Implantácia čipov, ktoré sa nedajú sledovať cez GPS. Chýbajúca dôvera k tejto technológii. Nebezpečné veci. | ||
| 610 | 2 | 0 | |a identifikácia vysokofrekvenčná |
| 610 | 2 | 0 | |a kódy čiarové |
| 610 | 2 | 0 | |a karty identifikačné |
| 610 | 2 | 0 | |a karty čipové |
| 610 | 2 | 0 | |a technológie nové |
| 100 | 1 | |a Biel, Marián | |